Wszystkie gale PPV w WWE - Statystyki

Ogólne statystyki
  • Ten quiz został rozwiązany 263 razy
  • Średni wynik to 18 z 52
Statystyki odpowiedzi
Rok pierwszej
edycji gali
Gala % Poprawnych
1985 Wrestlemania
97%
1989 Royal Rumble
94%
1988 SummerSlam
89%
2010 Money in the Bank
81%
2010 Elimination Chamber
77%
1987 Survivor Series
77%
2009 Hell in a Cell
70%
1999 Backlash
69%
2009 TLC
65%
2018 Crown Jewel
59%
2009 Extreme Rules
59%
2015 Fastlane
58%
2009 Night of Champions
57%
2013 Payback
50%
2022 Clash at the Castle
42%
1993 King of the Ring
39%
2018 Greatest Royal Rumble
37%
1999 No Mercy
37%
2016 Clash of Champions
34%
2016 Roadblock
32%
2022 Day 1
31%
2000 No Way Out
31%
2017 Great Balls of Fire
30%
2013 Battleground
29%
2018 Super Show-Down
29%
1999 Armageddon
27%
2018 Evolution
27%
2010 Over the Limit
27%
1998 Judgment Day
26%
1995 In Your House
25%
2001 Vengeance
23%
2011 Capitol Punishment
21%
2006 Cyber Sunday
21%
2004 The Great American Bash
21%
2009 Bragging Rights
19%
2010 Fatal 4-Way
19%
1998 Unforgiven
19%
2019 Stomping Grounds
17%
2005 New Year's Revolution
15%
2009 Breaking Point
14%
2005 One Night Stand
14%
1998 Over the Edge
12%
2001 Invasion
10%
2004 Taboo Tuesday
10%
1985 The Wrestling Classic
10%
2006 December to Dismember
9%
1991 This Tuesday in Texas
9%
1997 Badd Blood
8%
1997 One Night Only
7%
1999 Rebellion
7%
1998 Fully Loaded
6%
2000 Insurrextion
6%
Nie znaleziono quizów pasujących do podanych kryteriów
Rozkład punktacji
Procent ludzi z każdym wynikiem
Percentyl według liczby udzielonych odpowiedzi
Twoja historia wyników
Nie rozwiązałeś tego quizu